000 01392cam a2200409Ia 4500
001 99099
005 20230411085607.0
008 970908s1997 inua 001 0 eng d
010 _a 96070861
035 _a(OCoLC)ocm37585613
040 _aABJ
_cABJ
_dBXM
_dOCL
_dBAKER
_dBTCTA
_dYDXCP
_dNZ1
020 _a1568303734 :
_c$49.99
020 _a9781568303734
035 _a(OCoLC)37585613
050 1 4 _aTK 5105.888
_bC912 1997
082 0 0 _a005.72
049 _aGRAL
245 0 0 _aCreating killer interactive Web sites :
_bthe art of integrating interactivity and design /
_cAndrew Sather ... [et al.]
260 _aIndianapolis, Ind. :
_bHayden Books,
_cc1997.
300 _axii, 210 p. :
_bcol. ill. ;
_c26 cm.
500 _aTítulo tomado de la cubierta.
500 _aIncludes index.
500 _aCompanion website at www.adj.com/killer contains code, examples, updated news, and tips.
650 0 _aWeb sites
_xDesign.
650 0 _aWorld Wide Web.
650 4 _aPáginas web.
650 4 _aDiseño de páginas web.
650 4 _aPáginas web
_xDiseño.
700 1 _aSather, Andrew.
710 2 _aAdjacency (Firm)
938 _aBaker & Taylor
_bBKTY
_c49.99
_d37.49
_i1568303734
_n0002992593
_sactive
938 _aBaker and Taylor
_bBTCP
_nbl 99791681
938 _aYBP Library Services
_bYANK
_n1380721
942 _2lcc
_cbk
946 _aKK
994 _aC0
_bDRFGD
999 _c104325
_d104325